Sächsische Luftbilder - Statistiken

Allgemein
  • Dieses Quiz wurde 10 mal gespielt
  • Das Durchschnittsergebnis liegt bei 12 aus 40
Antwortstatistiken
Bildquiz Antwort % Korrekt
Dresden
100%
Leipzig
75%
Chemnitz
63%
Bautzen
50%
Freital
50%
Hoyerswerda
50%
Meißen
50%
Pirna
50%
Radebeul
50%
Schkeuditz
50%
Zwickau
50%
Freiberg
38%
Görlitz
38%
Grimma
38%
Riesa
38%
Annaberg-Buchholz
25%
Aue-Bad Schlema
25%
Borna
25%
Crimmitschau
25%
Delitzsch
25%
Markkleeberg
25%
Oschatz
25%
Plauen
25%
Torgau
25%
Zittau
25%
Auerbach/Vogtland
13%
Bischofswerda
13%
Brand-Erbisdorf
13%
Dippoldiswalde
13%
Döbeln
13%
Flöha
13%
Glauchau
13%
Großenhain
13%
Kamenz
13%
Löbau
13%
Marienberg
13%
Reichenbach im Vogtland
13%
Sebnitz
13%
Weißwasser
13%
Werdau
13%
Keine übereinstimmenden Quizze gefunden
Verteilung der Resultate
Anzahl Personen mit jedem Resultat
Perzentil nach korrekt beantworteten Fragen
Ihre Resultats-Entwicklung
Sie haben dieses Quiz noch nicht gespielt